Loading...
| History - World | 1 | 6 | 1 | 2 | 70 | 45 | 101.14 | 1 | 4 | 0.00 | 0.00 |
| Literature - World | 2 | 4 | 1 | 1 | 65 | 64 | 100.83 | 2 | 5 | 0.00 | 0.00 |
| Beliefs | 2 | 5 | 4 | 2 | 60 | 40 | 99.43 | 5 | 5 | 0.00 | 0.00 |
| History - US | 2 | 3 | 0 | 0 | 60 | 39 | 82.80 | 1 | 5 | 0.00 | 0.00 |
| Literature - British | 0 | 6 | 0 | 2 | 60 | 111 | 139.17 | 1 | 4 | 0.00 | 0.00 |
| Literature - European | 1 | 4 | 0 | 0 | 55 | 57 | 119.60 | 1 | 4 | 0.00 | 0.00 |
| History - Other | 1 | 4 | 2 | 1 | 45 | 45 | 76.20 | 4 | 5 | 0.00 | 0.00 |
| Social Science | 1 | 3 | 0 | 0 | 45 | 84 | 123.00 | 0 | 2 | 0.00 | 0.00 |
| History - European | 2 | 2 | 2 | 0 | 40 | 58 | 75.00 | 3 | 4 | 0.00 | 0.00 |
| Literature - American | 1 | 3 | 1 | 2 | 40 | 65 | 110.25 | 1 | 2 | 0.00 | 0.00 |
| Fine Arts - Other | 1 | 2 | 0 | 1 | 35 | 28 | 78.00 | 1 | 2 | 0.00 | 0.00 |
| Geography | 2 | 1 | 2 | 1 | 30 | 41 | 78.33 | 2 | 2 | 0.00 | 0.00 |
| Science - Biology | 0 | 3 | 1 | 1 | 25 | 103 | 126.67 | 1 | 2 | 0.00 | 0.00 |
| Other Academic | 1 | 0 | 0 | 0 | 15 | 51 | 51.00 | 0 | 1 | 0.00 | 0.00 |
| Philosophy | 1 | 0 | 0 | 0 | 15 | 50 | 50.00 | 0 | 1 | 0.00 | 0.00 |
| Science - Earth | 0 | 1 | 0 | 1 | 10 | 144 | 144.00 | 0 | 0 | 0.00 | 0.00 |
| Fine Arts - Visual | 0 | 1 | 0 | 0 | 10 | 105 | 105.00 | 1 | 1 | 0.00 | 0.00 |
| Fine Arts - Classical Music and Opera | 0 | 1 | 1 | 0 | 5 | 118 | 118.00 | 0 | 1 | 0.00 | 0.00 |
| Science - Other | 0 | 0 | 0 | 0 | 0 | 0.00 | 0 | 0 | 0.00 | 0.00 | |
| Modern World | 0 | 0 | 2 | 0 | -10 | 0.00 | 0 | 0 | 0.00 | 0.00 |